| 000 | 01502nam a2200385 c 4500 | ||
|---|---|---|---|
| 999 |
_c199167 _d199167 |
||
| 003 | BLK | ||
| 005 | 20250723123218.0 | ||
| 008 | 180411b bul|||||r ||||||| ||bul|| | ||
| 010 | _aKNG00208544000 | ||
| 020 | _a9786197300215 | ||
| 040 | _aBLK | ||
| 041 |
_aBUL _cBUL |
||
| 072 | 7 |
_2bullib _aН83 _xЧужда художествена литература Н |
|
| 080 |
_aАмериканска литература (на САЩ) _b821.111(73) _x-94 _z821.111(73)-94 |
||
| 100 | 1 |
_aЛийминг, Линда _eпърви автор _988790 |
|
| 139 |
_aЛийминг, Линда _bЛ 56 |
||
| 245 | 1 | 0 |
_aОмъжена за Бутан _bЗащо открих себе си в Земята на Дракона _cЛинда Лийминг; прев. Десислава Сотирова. |
| 257 | _aUSA | ||
| 260 |
_aСофия _bВакон _c2017 |
||
| 300 |
_a292 с. _c21 см |
||
| 380 | _aX | ||
| 490 |
_aПътешествия и приключения _9207438 |
||
| 500 | _aОриг. загл. Married to Bhutan / Linda Leaming. - Съдържа и за авт. - Речник. | ||
| 651 | 4 |
_aБутан _9178680 |
|
| 659 | _aН | ||
| 700 | 1 |
_aСотирова, Десислава _eпрев. _9385954 |
|
| 852 | _aЦб 286250 | ||
| 856 | 4 | _qpdf | |
| 856 | 4 | _qpdf | |
| 942 |
_cKNG _n0 _065 _s1 |
||
| 944 |
_aCR _c26.06.2017 _lЦветомила Тодорова _k30576 |
||
| 944 |
_aED _c08.11.2017 _lф / _kЛюдмила_Стоянова |
||
| 999 | _d199167 | ||
| 999 | _d199167 | ||